[Event "5th Batumi Municipality Cup 2019"]
[Site "Batumi"]
[Date "2019.07.04"]
[Round "3.12"]
[White "Lortkipanidze, Nodar"]
[Black "Hajiyeva, Laman"]
[Result "1/2-1/2"]
[WhiteElo "2311"]
[BlackElo "2107"]
[Annotator "NA"]
[PlyCount "91"]
[EventDate "2019.07.04"]
[EventCountry "GEO"]
[SourceTitle "playchess.com"]
[Source "ChessBase"]
[SourceQuality "1"]

1. b3 d5 2. Bb2 Nf6 3. f4 Bf5 4. Nf3 e6 5. e3 h6 6. g3 Be7 7. Bg2 O-O 8. O-O Nbd7 9. h3 Bh7 10. d3 a5 11. a4 Ne8 12. Nbd2 Nd6 13. Qe2 Nf5 14. Kh2 Bc5 15. d4 Be7 16. c4 Nf6 17. c5 Nh5 18. Rg1 Nhxg3 19. Qf2 Ne4 20. Nxe4 dxe4 21. Nd2 Bh4 22. Qe2 Bg3+ 23. Kh1 Bxf4 24. Bxe4 Ng3+ 25. Rxg3 Bxg3 26. Qg2 Bh4 27. Bxb7 Rb8 28. Rg1 Bf6 29. Bc3 Qe7 30. Bf3 Rfd8 31. Qg3 Bg6 32. Bxa5 e5 33. Nc4 Rxb3 34. dxe5 Bh4 35. Qg4 Bg5 36. h4 Bxh4 37. e6 Bg5 38. Ne5 Qxc5 39. exf7+ Bxf7 40. Qf5 Bd5 41. Bxd5+ Qxd5+ 42. e4 Qxa5 43. Qe6+ Kh7 44. Qf5+ Kg8 45. Qe6+ Kh7 46. Qf5+ 1/2-1/2

[Event "5th Batumi Municipality Cup 2019"]
[Site "Batumi"]
[Date "2019.07.04"]
[Round "3.13"]
[White "Atakishiyev, Elmar"]
[Black "Khmiadashvili, Tamar"]
[Result "1-0"]
[WhiteElo "2302"]
[BlackElo "2008"]
[Annotator "NA"]
[PlyCount "52"]
[EventDate "2019.07.04"]
[EventCountry "GEO"]
[SourceTitle "playchess.com"]
[Source "ChessBase"]
[SourceQuality "1"]

1. d4 Nf6 2. c4 e6 3. Nc3 Bb4 4. e3 O-O 5. Bd3 d6 6. Nge2 e5 7. O-O Bxc3 8. Nxc3 Nc6 9. dxe5 Nxe5 10. Be2 a5 11. b3 Ned7 12. Bb2 Nc5 13. Qc2 Ng4 14. Rad1 Qh4 15. h3 Nh6 16. Nd5 Qd8 17. Qc3 f6 18. Bf3 Nf7 19. Ba3 Ne5 20. Be2 Ne4 21. Qd4 f5 22. Nf4 Qe7 23. Kh2 Kh8 24. f3 Nc6 25. Qd3 Nf6 26. Bb2 Be6 1-0

[Event "5th Batumi Municipality Cup 2019"]
[Site "Batumi"]
[Date "2019.07.04"]
[Round "3.14"]
[White "Nigalidze, Gaioz"]
[Black "Khachatryan, Anna"]
[Result "1-0"]
[WhiteElo "2563"]
[BlackElo "2027"]
[Annotator "ChessBase"]
[PlyCount "60"]
[EventDate "2019.07.04"]
[EventCountry "GEO"]
[SourceTitle "playchess.com"]
[Source "ChessBase"]
[SourceQuality "1"]

1. d4 Nf6 2. c4 e6 3. Nf3 c5 4. d5 b5 5. dxe6 fxe6 6. cxb5 d5 7. e3 Bd6 8. Nc3 Nbd7 9. Bd3 O-O 10. e4 d4 11. Nb1 e5 12. Nbd2 Bb7 13. Nc4 Bc7 14. Qe2 Qe8 15. Nh4 Nh5 16. g3 Ndf6 17. a4 Bc8 18. Bd2 g6 19. b4 cxb4 20. Bxb4 Rf7 21. Nd2 Be6 22. Rc1 Qd8 23. Nhf3 h6 24. Bc4 Ng7 25. O-O Kh7 26. Ne1 Qd7 27. Nd3 Re8 28. f3 Bxc4 29. Rxc4 Ne6 30. Rfc1 Bd8 1-0

[Event "5th Batumi Municipality Cup 2019"]
[Site "Batumi"]
[Date "2019.07.04"]
[Round "3.15"]
[White "Mikadze, Miranda"]
[Black "Akhvlediani, Irakli"]
[Result "1/2-1/2"]
[WhiteElo "2300"]
[BlackElo "2259"]
[Annotator "NA"]
[PlyCount "63"]
[EventDate "2019.07.04"]
[EventCountry "GEO"]
[SourceTitle "playchess.com"]
[Source "ChessBase"]
[SourceQuality "1"]

1. e4 g6 2. d4 Bg7 3. Nf3 d6 4. c3 Nf6 5. Nbd2 O-O 6. Be2 Nc6 7. O-O e5 8. dxe5 Nxe5 9. Nxe5 dxe5 10. Qc2 Be6 11. Nf3 Ne8 12. b3 Qe7 13. a4 Nd6 14. Ba3 f5 15. exf5 gxf5 16. Rad1 Rad8 17. Rfe1 Qf6 18. c4 e4 19. Nd4 Rfe8 20. Nxe6 Qxe6 21. c5 Nf7 22. Bc4 Qf6 23. Rxd8 Rxd8 24. Rd1 Rd4 25. g3 c6 26. Bc1 Kf8 27. Kg2 Qd8 28. Rxd4 Qxd4 29. Be3 Qd7 30. b4 Ne5 31. Bb3 Nf7 32. Bc4 1/2-1/2

[Event "5th Batumi Municipality Cup 2019"]
[Site "Batumi"]
[Date "2019.07.04"]
[Round "3.16"]
[White "Dolzhykova, Kateryna"]
[Black "Manukyan, Sargis V."]
[Result "0-1"]
[WhiteElo "2228"]
[BlackElo "2282"]
[Annotator "NA"]
[PlyCount "69"]
[EventDate "2019.07.04"]
[EventCountry "GEO"]
[SourceTitle "playchess.com"]
[Source "ChessBase"]
[SourceQuality "1"]

1. e4 e6 2. d4 d5 3. exd5 exd5 4. Nf3 Nc6 5. Bb5 Bd6 6. O-O Nge7 7. c4 dxc4 8. Bxc4 O-O 9. h3 Bf5 10. Nc3 Qd7 11. Nb5 Ng6 12. Nxd6 Qxd6 13. Be3 Rad8 14. Rc1 Be4 15. Ng5 Bd5 16. Bd3 Nb4 17. Qh5 h6 18. Ne4 Qe6 19. Nc5 Qf6 20. Bb1 Nxa2 21. Bxa2 Bxa2 22. Nxb7 Rd5 23. Qe2 Rf5 24. Nc5 Bd5 25. Nd7 Qe7 26. Nxf8 Nf4 27. Qc2 Be4 28. Qxc7 Qg5 29. g3 Nxh3+ 30. Kh2 Nf4 31. Qxf4 Rxf4 32. f3 Qh5+ 33. Kg1 Rxf3 34. Bf4 Qh3 35. Bg5 0-1

[Event "5th Batumi Municipality Cup 2019"]
[Site "Batumi"]
[Date "2019.07.04"]
[Round "3.17"]
[White "Kusluvan, Yekaterina"]
[Black "Poghosyan, Suren"]
[Result "0-1"]
[WhiteElo "2155"]
[BlackElo "2298"]
[Annotator "NA"]
[PlyCount "74"]
[EventDate "2019.07.04"]
[EventCountry "GEO"]
[SourceTitle "playchess.com"]
[Source "ChessBase"]
[SourceQuality "1"]

1. e4 e6 2. d4 d5 3. Nd2 Nc6 4. Ngf3 Nf6 5. e5 Nd7 6. Be2 f6 7. exf6 Qxf6 8. Nf1 Bd6 9. Ne3 O-O 10. O-O Qg6 11. c3 Nf6 12. Re1 Bd7 13. Bd3 Qh5 14. Nf1 Rae8 15. Bd2 e5 16. Ng3 Qf7 17. Ng5 Qe7 18. Nf5 Qd8 19. dxe5 Bxe5 20. f4 Bd6 21. Nxd6 cxd6 22. Qb3 b5 23. Nxh7 Qb6+ 24. Kh1 Ng4 25. Rf1 Nf2+ 26. Rxf2 Qxf2 27. Qxd5+ Re6 28. Nxf8 Kxf8 29. Bxb5 Ne7 30. Qa8+ Bc8 31. Rd1 Qxd2 32. Rg1 Re1 33. Qxa7 Rxg1+ 34. Qxg1 Qxb2 35. a4 Qxc3 36. h3 Bb7 37. Kh2 Qd2 0-1

[Event "5th Batumi Municipality Cup 2019"]
[Site "Batumi"]
[Date "2019.07.05"]
[Round "4.1"]
[White "Sargsyan, Shant"]
[Black "Sanikidze, Tornike"]
[Result "1/2-1/2"]
[WhiteElo "2529"]
[BlackElo "2509"]
[Annotator "ChessBase"]
[PlyCount "50"]
[EventDate "2019.07.04"]
[EventCountry "GEO"]
[SourceTitle "playchess.com"]
[Source "ChessBase"]
[SourceQuality "1"]

1. d4 d6 2. e4 g6 3. c4 Bg7 4. Nc3 e5 5. Nf3 exd4 6. Nxd4 Ne7 7. h4 Nbc6 8. Be3 f5 9. h5 fxe4 10. hxg6 hxg6 11. Rxh8+ Bxh8 12. Nxe4 Qd7 13. Qd2 b6 14. Ng5 Bb7 15. Nde6 Nf5 16. O-O-O Nd8 17. Nxd8 Qxd8 18. Re1 Kd7 19. c5 Qf6 20. Bb5+ c6 21. Bd3 Nxe3 22. Rxe3 Qxg5 23. Bf5+ gxf5 24. Qxd6+ Kc8 25. Qe6+ Kc7 1/2-1/2

[Event "5th Batumi Municipality Cup 2019"]
[Site "Batumi"]
[Date "2019.07.05"]
[Round "4.2"]
[White "Pantsulaia, Levan"]
[Black "Garayev, Kanan"]
[Result "1-0"]
[WhiteElo "2612"]
[BlackElo "2351"]
[Annotator "RC"]
[PlyCount "77"]
[EventDate "2019.07.04"]
[EventCountry "GEO"]
[SourceTitle "playchess.com"]
[Source "ChessBase"]
[SourceQuality "1"]

1. Nf3 Nf6 2. g3 g6 3. b3 Bg7 4. Bb2 O-O 5. Bg2 d6 6. d4 c5 7. c4 Qa5+ 8. Bc3 Qc7 9. Nbd2 Re8 10. O-O e5 11. d5 e4 12. Ng5 e3 13. Nde4 Qe7 14. Qc1 Bf5 15. Bxf6 Bxf6 16. Nxf6+ Qxf6 17. f4 Na6 18. h3 h5 19. a3 Rab8 20. Qe1 b5 21. Bf3 Kg7 22. Qa5 bxc4 23. bxc4 Rb6 24. Rac1 Reb8 25. Kg2 Bc8 26. Ne4 Qe7 27. Qc3+ f6 28. Qa1 Bf5 29. Nc3 Qd7 30. Rh1 Nc7 31. g4 hxg4 32. hxg4 Bxg4 33. Ne4 Rf8 34. Rh4 Bxf3+ 35. Kxf3 Qf5 36. Rch1 Kf7 37. Rh7+ Ke8 38. Ng3 Qc8 39. Qc3 1-0

[Event "5th Batumi Municipality Cup 2019"]
[Site "Batumi"]
[Date "2019.07.05"]
[Round "4.3"]
[White "Urazayev, Arystanbek"]
[Black "Maghalashvili, Davit"]
[Result "1/2-1/2"]
[WhiteElo "2436"]
[BlackElo "2485"]
[Annotator "ChessBase"]
[PlyCount "113"]
[EventDate "2019.07.04"]
[EventCountry "GEO"]
[SourceTitle "playchess.com"]
[Source "ChessBase"]
[SourceQuality "1"]

1. e4 c5 2. Nf3 d6 3. Bb5+ Bd7 4. c4 Nf6 5. Nc3 g6 6. d4 cxd4 7. Nxd4 Bg7 8. O-O O-O 9. h3 Nc6 10. Be3 Rc8 11. Bxc6 Bxc6 12. Qd3 Nd7 13. Rac1 Nc5 14. Qc2 Qa5 15. Rfe1 Ne6 16. Nxe6 fxe6 17. Qb3 Kf7 18. f3 b6 19. Nb5 Bd7 20. Red1 Qa6 21. Rc2 Qb7 22. Rdc1 a6 23. Nd4 Rc7 24. Qd3 Rfc8 25. b3 b5 26. cxb5 Rxc2 27. Rxc2 Bxd4 28. Bxd4 Rxc2 29. Qxc2 axb5 30. Qc1 e5 31. Bf2 Kg7 32. Qg5 Bc6 33. Bh4 h6 34. Qxe7+ Qxe7 35. Bxe7 d5 36. exd5 Bxd5 37. Kf2 Kf7 38. Bc5 Ke6 39. a4 bxa4 40. bxa4 Bb3 41. a5 Bc4 42. Be3 h5 43. Kg3 Kd5 44. Bc1 Kc6 45. Kh4 Bf1 46. Kg3 Kb5 47. Bd2 Ka6 48. Bc3 Kb5 49. Kf2 Bc4 50. g3 Be6 51. h4 Bf5 52. Ke3 Ka6 53. Bxe5 Kxa5 54. Kf4 Bc2 55. g4 hxg4 56. fxg4 Kb5 57. h5 1/2-1/2

[Event "5th Batumi Municipality Cup 2019"]
[Site "Batumi"]
[Date "2019.07.05"]
[Round "4.4"]
[White "Chkhaidze, Nikoloz"]
[Black "Aliyev, Ravan"]
[Result "0-1"]
[WhiteElo "2330"]
[BlackElo "2385"]
[Annotator "NA"]
[PlyCount "79"]
[EventDate "2019.07.04"]
[EventCountry "GEO"]
[SourceTitle "playchess.com"]
[Source "ChessBase"]
[SourceQuality "1"]

1. d4 g6 2. e4 Bg7 3. c4 d6 4. Nc3 Nf6 5. Nf3 O-O 6. h3 e5 7. d5 Nh5 8. g3 Qe8 9. Be2 f5 10. exf5 gxf5 11. Nh4 Nf6 12. Qc2 Na6 13. a3 e4 14. Be3 Nc5 15. Ng2 Nfd7 16. Nf4 Ne5 17. O-O Ncd3 18. Nb5 Qf7 19. Nd4 Nxf4 20. gxf4 Ng6 21. Rad1 Kh8 22. Kh2 Qe7 23. Rg1 Qh4 24. Qd2 Bh6 25. Qc3 Bxf4+ 26. Bxf4 Qxf4+ 27. Kh1 Ne5 28. Nb5 Qh6 29. Nxc7 f4 30. Bf1 e3 31. Ne6 Bxe6 32. dxe6 Rg8 33. fxe3 Rxg1+ 34. Kxg1 fxe3 35. Rxd6 Rg8+ 36. Bg2 Qf4 37. Kh1 Qg3 38. Qc2 Qe1+ 39. Kh2 e2 40. Qe4 0-1

[Event "5th Batumi Municipality Cup 2019"]
[Site "Batumi"]
[Date "2019.07.05"]
[Round "4.5"]
[White "Kekelidze, Mikheil"]
[Black "Atakishiyev, Elmar"]
[Result "1-0"]
[WhiteElo "2378"]
[BlackElo "2302"]
[Annotator "NA"]
[PlyCount "87"]
[EventDate "2019.07.04"]
[EventCountry "GEO"]
[SourceTitle "playchess.com"]
[Source "ChessBase"]
[SourceQuality "1"]

1. e4 e6 2. d4 d5 3. Nc3 Nf6 4. Bg5 Be7 5. e5 Nfd7 6. Bxe7 Qxe7 7. f4 a6 8. Nf3 c5 9. Qd2 Nc6 10. dxc5 Qxc5 11. Bd3 b5 12. a3 Bb7 13. b4 Qe7 14. O-O O-O 15. Rae1 a5 16. Bxh7+ Kxh7 17. Ng5+ Kg8 18. Qd3 g6 19. Nxd5 exd5 20. Qh3 Qxg5 21. fxg5 Ndxe5 22. Rf4 Bc8 23. Qh6 Ng4 24. Qh4 axb4 25. axb4 Nge5 26. h3 Ra4 27. Qh6 Rxb4 28. Rxb4 Nxb4 29. Rxe5 Nxc2 30. Rxd5 Ne3 31. Qxf8+ Kxf8 32. Rd8+ Ke7 33. Rxc8 Kd6 34. Rf8 b4 35. Rxf7 Kc5 36. h4 b3 37. h5 gxh5 38. g6 Ng4 39. g7 Nh6 40. Rf8 b2 41. Rb8 Kd6 42. Rxb2 Ke7 43. Rf2 h4 44. Rf8 1-0

[Event "5th Batumi Municipality Cup 2019"]
[Site "Batumi"]
[Date "2019.07.05"]
[Round "4.6"]
[White "Gharibyan, Mamikon"]
[Black "Lomsadze, Davit"]
[Result "1/2-1/2"]
[WhiteElo "2350"]
[BlackElo "2292"]
[Annotator "NA"]
[PlyCount "91"]
[EventDate "2019.07.04"]
[EventCountry "GEO"]
[SourceTitle "playchess.com"]
[Source "ChessBase"]
[SourceQuality "1"]

1. d4 Nf6 2. c4 g6 3. Nc3 Bg7 4. e4 d6 5. Be2 O-O 6. Be3 Nbd7 7. Nf3 Ng4 8. Bg5 h6 9. Bh4 c5 10. d5 Ngf6 11. Nd2 a6 12. a4 e5 13. dxe6 fxe6 14. O-O e5 15. Bxf6 Bxf6 16. Bg4 h5 17. Be6+ Kg7 18. Nd5 Bg5 19. Nb1 Re8 20. Bh3 Nf8 21. Ra3 Bxh3 22. Rxh3 Ne6 23. Nbc3 Rf8 24. Ne2 Rb8 25. Rd3 b5 26. cxb5 axb5 27. Ndc3 b4 28. Nb5 Nd4 29. Nexd4 exd4 30. Qb3 Qe7 31. Qd5 Rbd8 32. b3 h4 33. Re1 Rf5 34. Qc6 d5 35. Qxg6+ Kxg6 36. exf5+ Kxf5 37. Rxe7 Bxe7 38. Rd1 Bf6 39. Kf1 Be5 40. Ke2 Ke4 41. f3+ Kf5 42. Kd3 Rc8 43. Rc1 Kf6 44. Na7 Rc7 45. Nb5 Rc8 46. Na7 1/2-1/2

[Event "5th Batumi Municipality Cup 2019"]
[Site "Batumi"]
[Date "2019.07.05"]
[Round "4.7"]
[White "Manukyan, Sargis V."]
[Black "Babazada, Khazar"]
[Result "1/2-1/2"]
[WhiteElo "2282"]
[BlackElo "2247"]
[Annotator "NA"]
[PlyCount "42"]
[EventDate "2019.07.04"]
[EventCountry "GEO"]
[SourceTitle "playchess.com"]
[Source "ChessBase"]
[SourceQuality "1"]

1. d4 Nf6 2. c4 g6 3. Nc3 d5 4. cxd5 Nxd5 5. e4 Nxc3 6. bxc3 Bg7 7. Nf3 c5 8. Be3 O-O 9. Rc1 Qa5 10. Qd2 Rd8 11. d5 e6 12. Bg5 f6 13. Be3 exd5 14. exd5 Bg4 15. c4 Qxd2+ 16. Nxd2 b6 17. h3 Bd7 18. Be2 f5 19. O-O Re8 20. Bf3 Be5 21. Bh6 Bd6 1/2-1/2

[Event "5th Batumi Municipality Cup 2019"]
[Site "Batumi"]
[Date "2019.07.05"]
[Round "4.8"]
[White "Eynullayev, Atilla"]
[Black "Nigalidze, Gaioz"]
[Result "0-1"]
[WhiteElo "2228"]
[BlackElo "2563"]
[Annotator "ChessBase"]
[PlyCount "80"]
[EventDate "2019.07.04"]
[EventCountry "GEO"]
[SourceTitle "playchess.com"]
[Source "ChessBase"]
[SourceQuality "1"]

1. e4 c5 2. Nf3 d6 3. d4 cxd4 4. Nxd4 Nf6 5. Nc3 a6 6. Be3 e5 7. Nb3 Be6 8. f3 Be7 9. Qd2 Nbd7 10. O-O-O O-O 11. g4 b5 12. g5 b4 13. gxf6 bxc3 14. Qxc3 Nxf6 15. Na5 Rc8 16. Nc6 Qe8 17. Nxe7+ Qxe7 18. Qa5 Rc6 19. Rg1 Rfc8 20. Rg2 Ne8 21. Bd3 Qc7 22. Qxc7 Nxc7 23. Kb1 Kf8 24. c3 f6 25. Rdg1 g6 26. Rc1 d5 27. f4 dxe4 28. Bxe4 Bd5 29. Bxd5 Nxd5 30. Bd2 Nxf4 31. Bxf4 exf4 32. h4 Rc5 33. Rd1 Kg7 34. Kc2 R8c6 35. Rd3 g5 36. b4 Rf5 37. Kd2 f3 38. Rg1 Re6 39. Rf1 Re2+ 40. Kd1 g4 0-1

[Event "5th Batumi Municipality Cup 2019"]
[Site "Batumi"]
[Date "2019.07.05"]
[Round "4.9"]
[White "Tereladze, Sopiko"]
[Black "Barsov, Alexei"]
[Result "0-1"]
[WhiteElo "2144"]
[BlackElo "2397"]
[Annotator "NA"]
[PlyCount "74"]
[EventDate "2019.07.04"]
[EventCountry "GEO"]
[SourceTitle "playchess.com"]
[Source "ChessBase"]
[SourceQuality "1"]

1. e4 e6 2. d4 d5 3. exd5 exd5 4. Nf3 Nf6 5. Bd3 c5 6. c3 c4 7. Bc2 Bd6 8. O-O O-O 9. Bg5 Bg4 10. Nbd2 Nbd7 11. Re1 Qc7 12. h3 Bh5 13. g4 Bg6 14. Bxf6 Nxf6 15. Ne5 Bxc2 16. Qxc2 Ne8 17. Qf5 Rd8 18. Re2 g6 19. Qc2 Ng7 20. b3 Ne6 21. bxc4 Nf4 22. Re3 Bxe5 23. Rxe5 Nxh3+ 24. Kg2 f6 25. Ree1 Nf4+ 26. Kf3 f5 27. g5 dxc4 28. Nxc4 Qxc4 29. Qb3 Qxb3 30. axb3 Nh3 31. Rxa7 Nxg5+ 32. Kg2 Rd7 33. f3 Kf7 34. d5 Re8 35. Rxe8 Kxe8 36. c4 Kd8 37. c5 Rxd5 0-1

[Event "5th Batumi Municipality Cup 2019"]
[Site "Batumi"]
[Date "2019.07.05"]
[Round "4.10"]
[White "Sibashvili, Giorgi"]
[Black "Lortkipanidze, Nodar"]
[Result "1/2-1/2"]
[WhiteElo "2389"]
[BlackElo "2311"]
[Annotator "NA"]
[PlyCount "37"]
[EventDate "2019.07.04"]
[EventCountry "GEO"]
[SourceTitle "playchess.com"]
[Source "ChessBase"]
[SourceQuality "1"]

1. d4 e6 2. c4 b6 3. e4 Bb7 4. Bd3 Nc6 5. Ne2 Nb4 6. Nbc3 Nxd3+ 7. Qxd3 d5 8. cxd5 exd5 9. exd5 Qd7 10. O-O Nf6 11. Bf4 Nxd5 12. Nxd5 Qxd5 13. Qe3+ Be7 14. f3 O-O 15. Qxe7 Rfe8 16. Qg5 Qxg5 17. Bxg5 Rxe2 18. Rf2 Rxf2 19. Kxf2 1/2-1/2

[Event "5th Batumi Municipality Cup 2019"]
[Site "Batumi"]
[Date "2019.07.05"]
[Round "4.11"]
[White "Hajiyeva, Laman"]
[Black "Morchiashvili, Bachana"]
[Result "0-1"]
[WhiteElo "2107"]
[BlackElo "2335"]
[Annotator "NA"]
[PlyCount "134"]
[EventDate "2019.07.04"]
[EventCountry "GEO"]
[SourceTitle "playchess.com"]
[Source "ChessBase"]
[SourceQuality "1"]

1. d4 Nf6 2. Bg5 Ne4 3. Bh4 c5 4. f3 g5 5. fxe4 gxh4 6. e3 Qb6 7. Nc3 Nc6 8. Nf3 Bh6 9. Nd5 Qd8 10. c3 cxd4 11. Nxd4 e6 12. Qh5 Bg7 13. Nf4 Qe7 14. O-O-O a6 15. Be2 d6 16. Rhf1 Bd7 17. Nh3 Ne5 18. Nf3 h6 19. Nxe5 Bxe5 20. Rf2 Bxh2 21. e5 Bxe5 22. Bd3 O-O-O 23. Rxf7 Be8 24. Rxe7 Bxh5 25. Rf1 Rde8 26. Rxe8+ Bxe8 27. Nf4 Rg8 28. Be4 Rf8 29. Bf3 Bxf4 30. exf4 Kc7 31. Bg4 Bc6 32. Bh3 Be4 33. Kd2 d5 34. Rf2 Kd6 35. Ke3 Rg8 36. Rd2 b5 37. Kf2 Rf8 38. Ke3 Rg8 39. Kf2 a5 40. a3 Rf8 41. Ke3 Rg8 42. Kf2 Rg7 43. Rd1 Ke7 44. Rd2 Kf6 45. Rd4 Rc7 46. Bg4 Rg7 47. Bh3 h5 48. Rd1 Rc7 49. Ke3 Rc4 50. Rd4 Bf5 51. Kf3 Rc7 52. Rd2 b4 53. cxb4 axb4 54. Bxf5 Kxf5 55. Re2 bxa3 56. Re5+ Kf6 57. bxa3 Rc3+ 58. Kf2 h3 59. gxh3 Rxh3 60. a4 h4 61. Rh5 Ra3 62. Rxh4 Kf5 63. Ke2 Rxa4 64. Rh5+ Kg4 65. Rh6 Re4+ 66. Kd3 Kxf4 67. Rh4+ Ke5 {Kd4+} 0-1

[Event "5th Batumi Municipality Cup 2019"]
[Site "Batumi"]
[Date "2019.07.05"]
[Round "4.12"]
[White "Sargissyan, Sargis"]
[Black "Kutsanyan, Andranik"]
[Result "1-0"]
[WhiteElo "2229"]
[BlackElo "2223"]
[Annotator "NA"]
[PlyCount "59"]
[EventDate "2019.07.04"]
[EventCountry "GEO"]
[SourceTitle "playchess.com"]
[Source "ChessBase"]
[SourceQuality "1"]

1. e4 e6 2. d4 d5 3. Nc3 Bb4 4. e5 c5 5. a3 Ba5 6. b4 cxd4 7. Qg4 Kf8 8. bxa5 dxc3 9. Nf3 Ne7 10. Bd3 Nd7 11. Bg5 Nc5 12. Qb4 Qc7 13. O-O Bd7 14. Qxc3 Rc8 15. Qb4 h6 16. Be3 g6 17. Rfb1 Kg7 18. Bxc5 Qxc5 19. Qxc5 Rxc5 20. Rxb7 Rd8 21. Nd4 Rxa5 22. Nb3 Nc6 23. Nxa5 Nxa5 24. Rc7 Nc6 25. f4 g5 26. g3 a5 27. Rb1 Nd4 28. Kf2 a4 29. Rb6 g4 30. Rd6 1-0

[Event "5th Batumi Municipality Cup 2019"]
[Site "Batumi"]
[Date "2019.07.05"]
[Round "4.13"]
[White "Quparadze, Giga"]
[Black "Yeritsyan, Hayk"]
[Result "0-1"]
[WhiteElo "2499"]
[BlackElo "2210"]
[Annotator "ChessBase"]
[PlyCount "108"]
[EventDate "2019.07.04"]
[EventCountry "GEO"]
[SourceTitle "playchess.com"]
[Source "ChessBase"]
[SourceQuality "1"]

1. e4 c6 2. Nc3 d5 3. Nf3 Bg4 4. h3 Bxf3 5. Qxf3 Nf6 6. b3 e6 7. Bb2 Nbd7 8. O-O-O Qa5 9. Kb1 Ba3 10. Ba1 d4 11. Na4 b5 12. Nb2 c5 13. g4 Ne5 14. Qe2 c4 15. f4 Nc6 16. bxc4 O-O 17. cxb5 Nb4 18. c3 Nxa2 19. Kxa2 Bxb2+ 20. Kxb2 a6 21. Rb1 dxc3+ 22. dxc3 Rfc8 23. Kc1 axb5 24. Qe3 b4 25. c4 Qa2 26. Qd4 Qa3+ 27. Qb2 Qf3 28. Qe2 Qxh1 29. Bd4 Ra2 30. Qxa2 Qxf1+ 31. Kb2 Qe2+ 32. Ka1 Qxe4 33. Rd1 Ra8 34. Ba7 Qb7 35. Qa5 Ne8 36. Kb2 Qxa7 37. Qxa7 Rxa7 38. Kb3 Kf8 39. Kxb4 Ke7 40. Re1 Nd6 41. c5 Rb7+ 42. Ka4 Ne8 43. f5 Kd7 44. fxe6+ fxe6 45. c6+ Kxc6 46. Rxe6+ Nd6 47. Re5 Nf7 48. Rh5 h6 49. h4 g5 50. hxg5 hxg5 51. Rh7 Kd5 52. Ka5 Ke4 53. Ka6 Re7 54. Kb5 Nd6+ 0-1

[Event "5th Batumi Municipality Cup 2019"]
[Site "Batumi"]
[Date "2019.07.05"]
[Round "4.14"]
[White "Eynullayev, Altay"]
[Black "Mikadze, Miranda"]
[Result "1/2-1/2"]
[WhiteElo "2188"]
[BlackElo "2300"]
[Annotator "NA"]
[PlyCount "143"]
[EventDate "2019.07.04"]
[EventCountry "GEO"]
[SourceTitle "playchess.com"]
[Source "ChessBase"]
[SourceQuality "1"]

1. e4 c6 2. d4 d5 3. e5 c5 4. dxc5 Nc6 5. Nf3 Bg4 6. c3 e6 7. Be3 a6 8. Nbd2 Nxe5 9. Be2 Nxf3+ 10. Nxf3 Nf6 11. h3 Bxf3 12. Bxf3 Be7 13. O-O O-O 14. b4 Qc7 15. Qb3 Nd7 16. Rac1 Bf6 17. Rfd1 Rfd8 18. Be2 Ne5 19. a4 h6 20. Rc2 a5 21. Bf4 g5 22. Bg3 Bg7 23. Re1 Qe7 24. Bb5 Ng6 25. Bd6 Rxd6 26. cxd6 Qxd6 27. bxa5 Rxa5 28. c4 d4 29. c5 Qe7 30. c6 bxc6 31. Rxc6 Ra8 32. Qc2 Qd8 33. Rc1 Ne7 34. Rc5 Bf6 35. Bd3 Ra7 36. Be4 Kg7 37. Qc4 Qd6 38. a5 d3 39. Qxd3 Bd4 40. R5c4 e5 41. Ra4 Qd7 42. Qc4 g4 43. hxg4 Qxg4 44. Re1 f5 45. Bf3 Qh4 46. Qe2 Ng6 47. Qd2 Kh7 48. Rb1 Rg7 49. Rxd4 exd4 50. Rb7 Ne5 51. Rxg7+ Kxg7 52. a6 Nxf3+ 53. gxf3 Qd8 54. a7 d3 55. Kf1 Kg6 56. Ke1 Qd5 57. Qe3 Qa5+ 58. Kf1 Qa1+ 59. Kg2 d2 60. Qe8+ Kg5 61. Qg8+ Kh5 62. Qf7+ Kg5 63. Qe7+ Kh5 64. Qe8+ Kg5 65. Qd8+ Kh5 66. Qd7 Kg6 67. Qe6+ Kg7 68. Qd7+ Kg6 69. Qd6+ Kg7 70. Qd7+ Kg6 71. Qc6+ Kg7 72. Qd7+ 1/2-1/2

[Event "5th Batumi Municipality Cup 2019"]
[Site "Batumi"]
[Date "2019.07.05"]
[Round "4.15"]
[White "Poghosyan, Suren"]
[Black "Haussernot, Cecile"]
[Result "1-0"]
[WhiteElo "2298"]
[BlackElo "2178"]
[Annotator "NA"]
[PlyCount "73"]
[EventDate "2019.07.04"]
[EventCountry "GEO"]
[SourceTitle "playchess.com"]
[Source "ChessBase"]
[SourceQuality "1"]

1. d4 d5 2. c4 c6 3. Nf3 Nf6 4. Nc3 e6 5. cxd5 exd5 6. Qc2 Na6 7. Bg5 Nc7 8. e3 Ne6 9. Bh4 g6 10. Bd3 Be7 11. Ne5 Ng7 12. h3 Bf5 13. g4 Bxd3 14. Nxd3 O-O 15. O-O-O a5 16. f3 b5 17. Ne5 Rc8 18. Kb1 Nd7 19. Bxe7 Qxe7 20. Nxc6 Qd6 21. Nxd5 Kh8 22. Nde7 Rce8 23. e4 Qf6 24. e5 Qxf3 25. d5 Qg3 26. Rhe1 Qh4 27. d6 Qxh3 28. Qe2 Ne6 29. Rh1 Qg3 30. Rd3 Qf4 31. Rf3 Qc4 32. Qe3 Ng5 33. Qxg5 Qe4+ 34. Ka1 Qxf3 35. Qh6 Qxh1+ 36. Qxh1 Kg7 37. g5 1-0

[Event "5th Batumi Municipality Cup 2019"]
[Site "Batumi"]
[Date "2019.07.05"]
[Round "4.16"]
[White "Akhvlediani, Irakli"]
[Black "Mustafayev, Farid"]
[Result "1-0"]
[WhiteElo "2259"]
[BlackElo "2289"]
[Annotator "NA"]
[PlyCount "77"]
[EventDate "2019.07.04"]
[EventCountry "GEO"]
[SourceTitle "playchess.com"]
[Source "ChessBase"]
[SourceQuality "1"]

1. d4 d5 2. c4 dxc4 3. e4 e6 4. Bxc4 Nf6 5. Nc3 c5 6. d5 exd5 7. exd5 Bd6 8. Qe2+ Kf8 9. h3 a6 10. a4 h6 11. Nf3 Bf5 12. O-O Nbd7 13. Bd3 Bxd3 14. Qxd3 Qc7 15. Be3 Re8 16. Nd2 Ne5 17. Qf5 Qd7 18. Qxd7 Nexd7 19. Nc4 Be5 20. Rfd1 g5 21. a5 Bxc3 22. bxc3 Ne4 23. Ra3 f5 24. f3 Nef6 25. Rb3 f4 26. Bf2 Rb8 27. Nd6 Ke7 28. Nxb7 c4 29. Rbb1 Rhe8 30. Ba7 Rbc8 31. Bb6 h5 32. Rd4 Ne5 33. d6+ Kf7 34. d7 Nfxd7 35. Nd6+ Kf6 36. Nxc8 Rxc8 37. Rbd1 Ke7 38. Rd6 g4 39. hxg4 1-0

[Event "5th Batumi Municipality Cup 2019"]
[Site "Batumi"]
[Date "2019.07.05"]
[Round "4.17"]
[White "Khmiadashvili, Tamar"]
[Black "Dolzhykova, Kateryna"]
[Result "0-1"]
[WhiteElo "2008"]
[BlackElo "2228"]
[Annotator "NA"]
[PlyCount "58"]
[EventDate "2019.07.04"]
[EventCountry "GEO"]
[SourceTitle "playchess.com"]
[Source "ChessBase"]
[SourceQuality "1"]

1. c4 e5 2. Nc3 Bb4 3. Qc2 Nf6 4. e3 Nc6 5. a3 Bxc3 6. dxc3 d5 7. cxd5 Qxd5 8. c4 Qe6 9. Bd2 b6 10. Ne2 Bb7 11. Ng3 e4 12. Ne2 O-O-O 13. Nf4 Qf5 14. Bc3 Ne5 15. Bxe5 Qxe5 16. Be2 g5 17. Nh5 Nxh5 18. Bxh5 f5 19. Be2 f4 20. c5 f3 21. c6 fxg2 22. cxb7+ Kb8 23. Rg1 Qxh2 24. Rxg2 Qxg2 25. Rc1 Rd7 26. Rd1 Rxd1+ 27. Qxd1 Qg1+ 28. Bf1 Rf8 29. Qe2 g4 0-1

[Event "5th Batumi Municipality Cup 2019"]
[Site "Batumi"]
[Date "2019.07.06"]
[Round "5.1"]
[White "Sanikidze, Tornike"]
[Black "Pantsulaia, Levan"]
[Result "1/2-1/2"]
[WhiteElo "2509"]
[BlackElo "2612"]
[Annotator "RC"]
[PlyCount "28"]
[EventDate "2019.07.04"]
[EventCountry "GEO"]
[SourceTitle "playchess.com"]
[Source "ChessBase"]
[SourceQuality "1"]

1. d4 Nf6 2. c4 c5 3. d5 e6 4. Nf3 d6 5. Nc3 exd5 6. cxd5 g6 7. h3 Bg7 8. e4 O-O 9. Bd3 Nh5 10. Bg5 Bf6 11. Bh6 Bg7 12. Bg5 Bf6 13. Bh6 Bg7 14. Bg5 Bf6 1/2-1/2